000 00698nam a2200217 4500
001 111279
003 ES-MaACL
005 20250809045451.0
007 t|
008 061121s1983 sp r ||||1| spa d
020 _a84-7339-675-8
100 1 _aOliva, Pavel.
_986733
245 1 0 _aEsparta y sus problemas sociales /
_cPavel Oliva ; traducción de Marina Picaso.
260 _aMadrid :
_bAkal,
_c1983.
300 _a342 p., 16 lám. ;
_c22 cm.
490 1 _aAkal universitaria. historia antigua ;
_v56
700 1 _aPicaso, Marina.
_991791
830 0 0 _aAkal universitaria.
_pHistoria antigua
_v56
_9233059
852 _aES-MaACL
_jL-10055
_bR.112135
999 _c111279
_d111279